书目信息 |
| 题名: |
暗示心理学
|
|
| 作者: | 赵铭磊 编著 | |
| 分册: | ||
| 出版信息: | 北京 中国纺织出版社 2017 |
|
| 页数: | 268页 | |
| 开本: | 24cm | |
| 丛书名: | ||
| 单 册: | ||
| 中图分类: | B842.7-49 , B842.7 | |
| 科图分类: | ||
| 主题词: | 暗示--通俗读物 | |
| 电子资源: | ||
| ISBN: | 978-7-5180-3773-5 | |
| 000 | 00830nam0 2200241 450 | |
| 001 | 2333466767 | |
| 005 | 20231212091802.03 | |
| 010 | @a978-7-5180-3773-5@dCNY49.80 | |
| 100 | @a20211202d2017 em y0chiy50 ea | |
| 101 | 0 | @achi |
| 102 | @aCN@b110000 | |
| 105 | @ay a 000yy | |
| 200 | 1 | @a暗示心理学@Aan shi xin li xue@e升级版@f赵铭磊编著 |
| 210 | @a北京@c中国纺织出版社@d2017 | |
| 215 | @a268页@d24cm | |
| 320 | @a有书目 (第268页) | |
| 330 | @a本书以心理学为学科基础, 全面详尽地分析了暗示心理学在生活中的应用, 简洁精练的语言, 丰富生动的案例, 配以贴近现实生活的故事, 为读者揭开了心理学的层层神秘面纱, 是一本通俗易懂的心理学大众读物。 | |
| 606 | 0 | @a暗示@j通俗读物 |
| 690 | @aB842.7-49@v5 | |
| 690 | @aB842.7@v4 | |
| 701 | 0 | @a赵铭磊@Azhao ming lei@4编著 |
| 801 | 0 | @aCN@b湖北三新@c20211202 |
| 905 | @aZUCC@dB842.7@e17 | |
| 暗示心理学:升级版/赵铭磊编著.-北京:中国纺织出版社,2017 |
| 268页;24cm |
| ISBN 978-7-5180-3773-5:CNY49.80 |
| 本书以心理学为学科基础, 全面详尽地分析了暗示心理学在生活中的应用, 简洁精练的语言, 丰富生动的案例, 配以贴近现实生活的故事, 为读者揭开了心理学的层层神秘面纱, 是一本通俗易懂的心理学大众读物。 |
| ● |
| 相关链接 |
|
|
|
正题名:暗示心理学
索取号:B842.7/17
 
预约/预借
| 序号 | 登录号 | 条形码 | 馆藏地/架位号 | 状态 | 备注 |
| 1 | 2001427671 | 2001427671 | 共建书房-学工处心理/ [索取号:B842.7/17] | 在馆 | |
| 2 | 2001427672 | 2001427672 | 617书库/ [索取号:B842.7/17] | 在馆 | |
| 3 | 2001427673 | 2001427673 | 617书库/ [索取号:B842.7/17] | 在馆 | |
| 4 | 2001427674 | 2001427674 | 617书库/ [索取号:B842.7/17] | 在馆 | |
| 5 | 2001427675 | 2001427675 | 617书库/ [索取号:B842.7/17] | 在馆 | |
| 6 | 2001427676 | 2001427676 | 617书库/ [索取号:B842.7/17] | 在馆 | |
| 7 | 2001427677 | 2001427677 | 617书库/ [索取号:B842.7/17] | 在馆 | |
| 8 | 2001427678 | 2001427678 | 617书库/ [索取号:B842.7/17] | 在馆 | |
| 9 | 2001427679 | 2001427679 | 617书库/ [索取号:B842.7/17] | 在馆 | |
| 10 | 2001427680 | 2001427680 | 617书库/ [索取号:B842.7/17] | 在馆 | |
| 11 | 2001427681 | 2001427681 | 617书库/ [索取号:B842.7/17] | 在馆 | |
| 12 | 2001427682 | 2001427682 | 617书库/ [索取号:B842.7/17] | 在馆 | |
| 13 | 2001427683 | 2001427683 | 617书库/ [索取号:B842.7/17] | 在馆 | |
| 14 | 2001427684 | 2001427684 | 617书库/ [索取号:B842.7/17] | 在馆 | |
| 15 | 2001427685 | 2001427685 | 617书库/ [索取号:B842.7/17] | 在馆 | |
| 16 | 2001427686 | 2001427686 | 617书库/ [索取号:B842.7/17] | 在馆 | |
| 17 | 2001427687 | 2001427687 | 617书库/ [索取号:B842.7/17] | 在馆 | |
| 18 | 2001427688 | 2001427688 | 617书库/ [索取号:B842.7/17] | 在馆 | |
| 19 | 2001427689 | 2001427689 | 617书库/ [索取号:B842.7/17] | 在馆 | |
| 20 | 2001427690 | 2001427690 | 617书库/ [索取号:B842.7/17] | 在馆 | |
| 21 | 2001427691 | 2001427691 | 617书库/ [索取号:B842.7/17] | 在馆 | |
| 22 | 2001427692 | 2001427692 | 617书库/ [索取号:B842.7/17] | 在馆 | |
| 23 | 2001427693 | 2001427693 | 617书库/ [索取号:B842.7/17] | 在馆 | |
| 24 | 2001427694 | 2001427694 | 617书库/ [索取号:B842.7/17] | 在馆 | |
| 25 | 2001427695 | 2001427695 | 617书库/ [索取号:B842.7/17] | 在馆 | |
| 26 | 2001427696 | 2001427696 | 617书库/ [索取号:B842.7/17] | 在馆 | |
| 27 | 2001427697 | 2001427697 | 617书库/ [索取号:B842.7/17] | 在馆 | |
| 28 | 2001427698 | 2001427698 | 617书库/ [索取号:B842.7/17] | 在馆 | |
| 29 | 2001427699 | 2001427699 | 617书库/ [索取号:B842.7/17] | 在馆 | |
| 30 | 2001427700 | 2001427700 | 617书库/ [索取号:B842.7/17] | 在馆 |